MDQL
is popping MORE tags! Check the
thread
!
Quizzes
Events
Quiz Creation
Community
Videos
Private Events
Remove Ads
Sign In
Join for FREE
Feedback
Dark Mode
Quiz Categories
Sports
Geography
Music
Movies
Television
Just For Fun
Miscellaneous
History
Literature
Language
Science
Gaming
Entertainment
Religion
Holiday
For Kids
Quiz Lab
Recent
Popular Today
Quiz Kudos Today
Editor Picks
Curator Picks
Quizzes by...
Day
Popularity
Type
Ratings
Length
Year
Community
Subscriptions
Recent Discussions
Orange Saloon
Badges
Playlists
Quests
Create
Leaderboards
Showdown
Live 5
Trivia Bingo
Activity
Puzzle Library
Sporcle Events
Private Events
Virtual Trivia
Globe League
Become a Host
Pub Owners
SporcleCon
Opinionation
Our Games
Videos
Blog
Mobile Apps
Partnerships
Remove Ads and Go Orange
Feedback
Sports
Athletes
MLB
NBA
NHL
NFL
Soccer
Sports Teams
WWE
NCAA
Football
Premier League
Basketball
Baseball
Hockey
Golf
Tennis
Cricket
Rugby
Auto Racing
Olympics
World Cup
Sports
Athletes
MLB
NBA
NHL
NFL
Soccer
Sports Teams
WWE
NCAA
Football
Premier League
Basketball
Baseball
Hockey
Golf
Tennis
Cricket
Rugby
Auto Racing
Olympics
World Cup
Random Quiz
Search Sporcle
×
Quiz Lab
Quiz Lab
Sports
NBA
Type in answers that appear in a list
Type in answers that appear in a list
Classic
Best Score? Go Orange.
Best NBA Player of All-Time by their Jersey Number Stats
Can you name the Best NBA Player of All-Time by their Jersey Number
By
jackiedruck
6m
52 Questions
644 Plays
644 Plays
644 Plays
Comments
Comments
Give Quiz Kudos
Give Quiz Kudos
-
- Ratings
hide this ad
Replay
Link that replays current quiz
Next Quiz
Link to next quiz in quiz playlist
You Got
0%
They Got
Avg Score
30%
Avg Friend Score
Upgrade to see
Score Distribution
Jump to the score distribution portion of the page
Score
0/52
Timer
06:00
0
Plays Today
Jersey Number
Answer
% Correct
23
Michael Jordan
87.9%
44
Jerry West
75.9%
8
Kobe Bryant
72.8%
24
Kobe Bryant
72.8%
32
Magic Johnson
69.2%
34
Shaquille O'Neal
64.7%
33
Kareem Abdul-Jabbar
64.2%
6
Bill Russell
60.3%
13
Wilt Chamberlain
58.8%
00
Robert Parish
58.6%
21
Tim Duncan
53.3%
2
Moses Malone
52.7%
3
Allen Iverson
48.8%
1
Oscar robertson
48.1%
50
David Robinson
47.3%
35
Kevin Durant
43.4%
12
John Stockton
41.1%
11
Isiah Thomas
40.3%
41
Dirk Nowitzki
37.3%
5
Jason Kidd
34.2%
17
John Havlicek
33.7%
22
Elgin Baylor
33.7%
14
Bob Cousy
32.5%
42
James Worthy
28.3%
9
Bob Pettit
27.7%
31
Reggie Miller
27.4%
Jersey Number
Answer
% Correct
0
Gilbert Arenas
27.2%
20
Gary Payton
27.2%
4
Joe Dumars
24.9%
10
Walt Frazier
24.4%
19
Willis Reed
23.3%
25
K.C. Jones
23.2%
7
Pete Maravich
21.5%
40
Shawn Kemp
20.2%
18
Dave Cowens
15.7%
30
Bernard King
15.2%
36
Rasheed Wallace
14%
15
Earl Monroe
13.7%
16
Bob Lanier
10.3%
47
Andrei Kirilenko
5.1%
49
Shandon Anderson
4.7%
27
Jack Twyman
3.9%
28
Sam Cassell
2.5%
43
Brad Daugherty
2.2%
29
Paul Silas
2%
37
Metta World Peace
1.9%
46
Bo Outlaw
1.1%
45
Chuck Person
0.9%
48
Nazr Mohammad
0.9%
26
Hedo Turkoglu
0.6%
38
Kwame Browm
0.6%
39
Tom Tolbert
0.5%
Quiz Playlist
Details
Report
Send in Message
Add To Playlist
Classic:
Type in answers that appear in a list
Last Updated: Feb 16, 2017
Quiz Scoreboard
CHALLENGE
Sign Up to Join the Scoreboard
Show All
Scores
Hide
Comments
May contain spoilers
Recently Published
Two Season TV Shows II
by 123Four
Television
10m
Image Sorting: Flags VI
by Barbecue
Geography
2m
Find the 'City' Movie
by crazypaving
Movies
60s
More to Explore
Quiz From the Vault
Featured Blog Post
14 Easter Pick-up Lines to Find Eggs With
hide this ad
You Might Also Like...
Tags
NBA Quiz
NBA Draft
NBA Finals
NBA Jam
NBA MVP
NBA Opening Lineups
NBA Player
NBA Playoffs
NBA Points
NBA Team Leaders
NBA Teams
pre-nba
Today's Top Quizzes in Sports
Browse Sports
hide this ad
Today's Top Quizzes in NBA
Browse NBA
Top Contributed Quizzes in Sports
1
Les meilleurs buteurs des matchs entre le PSG et l’OM
2
Les entraîneurs de l'OM et du PSG au 21e siècle
3
2022 World Cup Stars
4
Les joueurs passés par le PSG et l'OM
5
Players with Multiple 50 Home Run Seasons
6
FIFA Club World Cup Champions
7
Criteria MLB: Left Handed Sluggers
8
Les joueurs passés par le LOSC et le RC Lens
9
Top 10 NHL Goal Scorers of All Time
10
MLB Players with Two .350 Batting Average Seasons
Explore More
Trending Topics
Marvel
Disney
Crossword
Anime
Harry Potter
NBA
Kpop
The Office
Song
WWE
NFL
Soccer
Country
Pokémon
Puzzle
hide this ad
More By:
jackiedruck
Quiz
Plays
Rating
Category
Featured
Created
Top 30 best NBA players of all time
2,240
1.21
Sports
Aug 22, 2013
Best NBA Player by First Letter of their Last Name 2015
1,221
1.80
Sports
Sep 3, 2014
Best NBA Player of All-Time by their Jersey Number
644
1.00
Sports
Sep 2, 2014
Best Player per NBA 2k14 Team
260
1.00
Sports
Sep 1, 2014
Most All NBA Team Selections
216
3.75
Sports
Apr 11, 2012
Go to Creator's Profile
Score Distribution
Quiz Creator Spotlight
jackiedruck
Follow
Send a Message
Quizzes Created
-
Created Quiz Play Count
-
More By This Creator
Popular Quizzes Today
1
Find the US States - No Outlines Minefield
2
Colored Red Africa Blitz
3
Find the 'City' Movie
4
5x2 Blitz: Bands
5
The Countries of the World
6
Find the Countries of Europe - No Outlines Minefield
7
Find the US States
8
US States
More Sports Quizzes
Every WWE Championship PPV Match
Quiz Lab
Trending Quizzes
Colored Red Europe Blitz I
Colored Red Africa Blitz II
Colored Red Europe Blitz II
Colored Red Africa Blitz III
Colored Red Europe Blitz III
Recently Updated
How Do You Spell That?
pecheneg
Godzilla Movies
pecheneg
Grab Bag: 4-10 Letters
pecheneg
2024 March Madness Bracket
pecheneg
Famous TV Couples
Peacemaker
Champions League XIs: Real Madrid
pecheneg
Largest US Cities 1790-2010
pecheneg
Rides in Walt Disney World
pecheneg
Most Oscar Losses (Acting)
pecheneg
Beyoncé Albums
pecheneg
Trending Topics
Kpop
Crossword
Harry Potter
Marvel
NBA
Disney
Anime
Puzzle
WWE
The Office
NFL
Pokémon
Song
Soccer
Country
Your Account Isn't Verified!
In order to create a playlist on Sporcle, you need to verify the email address you used during registration. Go to your
Sporcle Settings
to finish the process.
Report this User
Report this user for behavior that violates our
Community Guidelines
.
Details:
Send Report
Go to the Sporcle.com Mobile Site →
Comments